IV Congreso Nacional de Riegos : Barcelona : Convocatoria, Reglamento, Cuestionario / Comisión permanente para los congresos nacionales de riego Barcelona :
Descripción Física:
11 p. ; 20 cm
Materias:
Regatge -- Barcelona -- Congressos
MARC
| LEADER | 00000nam a2200000Ia 4500 | ||
|---|---|---|---|
| 001 | 12796 | ||
| 008 | 160829s9999 xx 000 0 cat d | ||
| 080 | |a FU-3-53 | ||
| 100 | |a Congreso Nacional de Riegos (4rt : 1927, maig : Barcelona) |9 42529 | ||
| 245 | |a IV Congreso Nacional de Riegos : |b Barcelona : |b Convocatoria, Reglamento, Cuestionario / Comisión permanente para los congresos nacionales de riego | ||
| 260 | |a Barcelona : |b Instituto Agrícola Catalán de San Isidro, [1927?] | ||
| 300 | |a 11 p. ; |c 20 cm | ||
| 590 | |a Prové de OP-5697 | ||
| 650 | |a Regatge |x Barcelona |x Congressos |9 42530 | ||
| 710 | 2 | |a Institut Agrícola Català de Sant Isidre |9 53078 | |
| 901 | |a Arxiu | ||
| 942 | |n 1 | ||
| 952 | |0 0 |1 0 |4 0 |6 FU353 |7 1 |9 50888 |a Arxiu |b Arxiu |d 2016-12-01 |l 0 |o FU-3-53 |p 12796 |r 2016-12-01 00:00:00 |w 2016-12-01 |y ARXIU | ||
| 999 | |c 54730 |d 54730 | ||